06138 2203025 4500001002100000005001500021035002000036008004100056245005700097100001600154250000600170260003200176300001200208084001400220082000800234650001400242990001200256990001200268990001200280990001200292990001200304990001200316990001200328990001200340990001200352990001200364990001200376990001200388990001200400990001200412990001200424990001200436990001200448990001200460990001200472990001200484990001200496990001200508990001200520990001200532990001200544990001200556990001200568990001200580990001200592990001200604990001200616990001200628990001200640990001200652990001200664990001200676990001200688990001200700990001200712990001200724990001200736990001200748990001200760990001200772990001200784990001200796990001200808990001200820990001200832990001200844990001200856990001200868990001200880990001200892990001200904990001200916990001200928990001200940990001200952990001200964990001200976990001200988990001201000990001201012990001201024990001201036990001201048990001201060990001201072990001201084990001201096990001201108990001201120990001201132990001201144990001201156990001201168990001201180990001201192990001201204990001201216990001201228990001201240990001201252990001201264990001201276990001201288990001201300990001201312990001201324990001201336990001201348990001201360990001201372990001201384990001201396990001201408990001201420990001201432990001201444990001201456990001201468990001201480990001201492990001201504990001201516990001201528990001201540990001201552990001201564990001201576990001201588990001201600990001201612990001201624990001201636990001201648990001201660990001201672990001201684990001201696990001201708990001201720990001201732990001201744990001201756990001201768990001201780990001201792990001201804990001201816990001201828990001201840990001201852990001201864990001201876990001201888990001201900990001201912990001201924990001201936990001201948990001201960990001201972990001201984990001201996990001202008990001202020990001202032990001202044990001202056990001202068990001202080990001202092990001202104990001202116990001202128990001202140990001202152990001202164990001202176990001202188990001202200990001202212990001202224990001202236990001202248990001202260990001202272990001202284990001202296990001202308990001202320990001202332990001202344990001202356990001202368990001202380990001202392990001202404990001202416990001202428990001202440990001202452990001202464990001202476990001202488990001202500990001202512990001202524990001202536990001202548990001202560990001202572990001202584990001202596990001202608990001202620990001202632990001202644990001202656990001202668990001202680990001202692990001202704990001202716990001202728990001202740990001202752990001202764990001202776990001202788990001202800990001202812990001202824990001202836990001202848990001202860990001202872990001202884990001202896990001202908990001202920990001202932990001202944990001202956990001202968990001202980990001202992990001203004990001203016990001203028990001203040990001203052990001203064990001203076990001203088990001203100INLIS00000000000135520240711105250 a0010-0524000590240711 0 ind 1 aSejarah Indonesia Kelas XI Semester 2 /cSardiman AM aSardiman AM a1 aJakarta :bKEMDIKBUD,c2020 a232 hlm a900 SAR s a900 4aNon Fiksi a0743003 a0743004 a0743005 a0743006 a0743007 a0743008 a0743009 a0743010 a0743011 a0743012 a0743013 a0743014 a0743015 a0743016 a0743017 a0743018 a0743019 a0743020 a0743021 a0743022 a0743023 a0743024 a0743025 a0743026 a0743027 a0743028 a0743029 a0743030 a0743031 a0743032 a0743033 a0743034 a0743035 a0743036 a0743037 a0743038 a0743039 a0743040 a0743041 a0743042 a0743043 a0743044 a0743045 a0743046 a0743047 a0743048 a0743049 a0743050 a0743051 a0743052 a0743053 a0743054 a0743055 a0743056 a0743057 a0743058 a0743059 a0743060 a0743061 a0743062 a0743063 a0743064 a0743065 a0743066 a0743067 a0743068 a0743069 a0743070 a0743071 a0743072 a0743073 a0743074 a0743075 a0743076 a0743077 a0743078 a0743079 a0743080 a0743081 a0743082 a0743083 a0743084 a0743085 a0743086 a0743087 a0743088 a0743089 a0743090 a0743091 a0743092 a0743093 a0743094 a0743095 a0743096 a0743097 a0743098 a0743099 a0743100 a0743101 a0743102 a0743103 a0743104 a0743105 a0743106 a0743107 a0743108 a0743109 a0743110 a0743111 a0743112 a0743113 a0743114 a0743115 a0743116 a0743117 a0743118 a0743119 a0743120 a0743121 a0743122 a0743123 a0743124 a0743125 a0743126 a0743127 a0743128 a0743129 a0743130 a0743131 a0743132 a0743133 a0743134 a0743135 a0743136 a0743137 a0743138 a0743139 a0743140 a0743141 a0743142 a0743143 a0743144 a0743145 a0743146 a0743147 a0743148 a0743149 a0743150 a0743151 a0743152 a0743153 a0743154 a0743155 a0743156 a0743157 a0743158 a0743159 a0743160 a0743161 a0743162 a0743163 a0743164 a0743165 a0743166 a0743167 a0743168 a0743169 a0743170 a0743171 a0743172 a0743173 a0743174 a0743175 a0743176 a0743177 a0743178 a0743179 a0743180 a0743181 a0743182 a0743183 a0743184 a0743185 a0743186 a0743187 a0743188 a0743189 a0743190 a0743191 a0743192 a0743193 a0743194 a0743195 a0743196 a0743197 a0743198 a0743199 a0743200 a0743201 a0743202 a0743203 a0743204 a0743205 a0743206 a0743207 a0743208 a0743209 a0743210 a0743211 a0743212 a0743213 a0743214 a0743215 a0743216 a0743217 a0743218 a0743219 a0743220 a0743221 a0743222 a0743223 a0743224 a0743225 a0743226 a0743227 a0743228 a0743229 a0743230 a0743231 a0743232 a0743233 a0743234 a0743235 a0743236 a0743237 a0743238 a0743239 a0743240